| 000 | 01141cab a2200289 4500 | ||
|---|---|---|---|
| 001 | ABS58910 | ||
| 008 | 090401t1998 xxu||||| |||| 00| 0 eng d | ||
| 035 | _a(Sirsi) u86925 | ||
| 041 | _aeng | ||
| 100 | _aSlessenger, E. | ||
| 245 | _aPut it in writing | ||
| 260 | _c1998 | ||
| 350 | _a0 | ||
| 490 |
_aEstates Gazette _v(9823) 6 June 1998, 126-128(3) |
||
| 520 | _aDiscusses the practical implications for landlords of the statutory duties for dealing with requests for consent to subletting. Looks at two recent cases; "Footwear Corporation Ltd v Amplight Properties Ltd" (1998 EGCS 52) and the unreported case of "Norwich Union Life Insurance Society v Shopmoor Ltd" (10 April 1997). | ||
| 650 | _aASSIGNMENT | ||
| 650 | _aCONSENT TO SUBLET | ||
| 650 | _aFOOTWEAR CORPORATION V AMPLIGHT PROPERTIES | ||
| 650 | _aINTERNATIONAL DRILLING FLUIDS LTD V LOUISVILLE INVESTMENTS (UXBRIDGE) LTD | ||
| 650 | _aKENED LTD V CONNIE INVESTMENTS LTD | ||
| 650 | _aLANDLORD AND TENANT ACT 1988 | ||
| 650 | _aLEASES | ||
| 690 | _aLANDLORD AND TENANT-BUSINESS TENANCIES | ||
| 700 | _aConway, K | ||
| 942 | _n0 | ||
| 948 | _c19/06/1998 | ||
| 999 |
_c54743 _d54743 |
||